| 000 | 00495nam a2200169 i 4500 | ||
|---|---|---|---|
| 001 | 43667 | ||
| 003 | ES-MaACL | ||
| 005 | 20230906160845.0 | ||
| 007 | t| | ||
| 008 | 030318s1967 sp ||||1| spa d | ||
| 100 | 1 |
_aCervera Vera, Luis. _937646 |
|
| 245 | 1 | 0 |
_aBienes muebles en el palacio ducal de Lerma / _cLuis Cervera Vera. |
| 260 |
_a[Madrid] : _bCastalia, _c1967. |
||
| 300 |
_a162 p., 12 lám. ; _c28 cm. |
||
| 852 |
_aES-MaACL _jG-5467 _bR.65382 |
||
| 852 |
_aES-MaACL _jL-2547 _bR.103462 |
||
| 999 |
_c43667 _d43667 |
||